| 000 | 03564nam a22004577a 4500 | ||
|---|---|---|---|
| 003 | PE-LiUPU | ||
| 005 | 20250731180158.0 | ||
| 008 | 220915b |||||||| |||| 00| 0 spa d | ||
| 020 | _a9786075265469 | ||
| 040 |
_aPE-LiUPU _bspa _cPE-LiUPU _erda |
||
| 041 | _aspa | ||
| 082 |
_223 _a512.1 _bS979p |
||
| 100 | 1 |
_aSwokowski, Earl W. _eautor |
|
| 245 | 1 | 0 |
_aPrecálculo : _bálgebra y trigonometría con geometría analítica / _cEarl W. Swokowski, Jeffery A. Cole |
| 264 |
_aMéxico : _bCengage Learning, _c2018 |
||
| 300 |
_axvii, 787 páginas : _bilustraciones ; _c27 centímetros |
||
| 500 | _aIncluye índice | ||
| 505 | _aTemas de álgebra -- Números reales -- Exponentes y radicales -- Expresiones algebraicas -- Ecuaciones -- Desigualdades -- Funciones y gráficas -- Sistemas de coordenadas rectangulares -- Gráficas de ecuaciones -- Rectas -- Definición de función -- Gráficas de funciones -- Funciones cuadráticas -- Operaciones con funciones -- Funciones polinomiales y racionales -- Funciones polinomiales de grado mayor que 2 -- Propiedades de la división -- Ceros de polinomios -- Ceros complejos y racionales de polinomios -- Funciones racionales -- Variación -- Funciones inversas, exponenciales y logarítmicas -- Funciones inversas -- Funciones exponenciales -- La función exponencial natural -- Funciones logarítmicas -- Propiedades de los logaritmos -- Ecuaciones exponenciales y logarítmicas -- Funciones trigonométricas -- Ángulos -- Funciones trigonométricas de los ángulos -- Funciones trigonométricas de los números reales 3Valores de las funciones trigonométricas -- Gráficas trigonométricas -- Gráficas trigonométricas adicionales -- Problemas aplicados – Trigonometría analítica -- Verificación de identidades trigonométricas -- Ecuaciones trigonométricas -- Fórmulas de suma y resta -- Formulas de múltiplos de un ángulo -- Formulas de producto a suma y suma a producto -- Funciones trigonométricas inversas -- Aplicaciones de trigonometría -- Ley de los senos -- Ley de los cosenos -- Vectores -- El producto punto -- Forma trigonométrica de números complejos -- Teorema de De Moivre y las raíces n-ésimas de números complejos -- Sistemas de ecuaciones -- Sistemas de ecuaciones lineales con dos variables -- Sistemas de desigualdades -- Programación lineal -- Sistemas de ecuaciones lineales con más de dos variables -- Álgebra de matrices -- El inverso de una matriz -- Determinantes – Propiedades de los determinantes -- Fracciones parciales – Sucesiones, series y probabilidad – Sucesiones infinitas y notación de sumatoria -- Sucesiones aritméticas -- Sucesiones geométricas -- Inducción matemática -- Teorema del binomio -- Permutaciones -- Permutaciones y combinaciones distinguibles -- Probabilidad -- Temas de geometría analítica -- Parábolas -- Elipses -- Hipérbolas -- Curvas planas y ecuaciones paramétricas -- Coordenadas polares -- Ecuaciones polares de cónicas. | ||
| 526 | _aSEG44 | ||
| 526 | _aSEG26 | ||
| 526 | _aP159 | ||
| 526 | _aP155 | ||
| 526 | _aP154 | ||
| 526 | _aP153 | ||
| 526 | _aP150 | ||
| 526 | _aP100 | ||
| 526 | _aP31 | ||
| 526 | _aP30 | ||
| 526 | _aP26 | ||
| 526 | _aP25 | ||
| 526 | _aP24 | ||
| 526 | _aP22 | ||
| 526 | _aP15 | ||
| 526 | _aP10 | ||
| 650 | 1 | 7 |
_2LEMB _aÁlgebra _920 |
| 650 | 2 | 7 |
_2LEMB _aTrigonometría |
| 650 | 3 | 7 |
_aGeometría analítica _921 |
| 700 | 1 |
_aCole, Jeffery A. _eautor |
|
| 942 |
_cBOOK _n0 _2ddc |
||
| 980 |
_618226 _aJaime Vilcazán _81 _gALBERTO SANCHEZ Responsable de Automatización |
||
| 999 |
_c61574 _d61574 |
||